Architectural guide Basel new buildings in the trinational city since 1980

Saved in:
Bibliographic Details
Main Author: Windhöfel, Lutz
Format: Book
Language:English
Published: Birkhäuser 2008
Tags: Add Tag
No Tags, Be the first to tag this record!

MARC

LEADER 00000nam a22000007a 4500
008 230413b |||||||| |||| 00| 0 eng d
020 |a 9783038213970 
100 |a Windhöfel, Lutz. 
245 |a Architectural guide Basel   |b new buildings in the trinational city since 1980  |c  Lutz Windhöfel.  |g Irregular Nos 
260 |b  Birkhäuser  |c 2008  |h Basel ; Boston  |i 699331  |i 699332  |l NA1351.B3W72  |m Architecture--Switzerland--Basel--History--20th century--Guidebooks.   |m Architecture--Switzerland--Basel--History--21st century--Guidebooks.  |m Basel (Switzerland)--Buildings, structures, etc.--Guidebooks.   |m Basel (Switzerland)--Guidebooks. 
500 |a Includes bibliographical references and indexes. 
942 |a lcc  |c BK  |e Y.S. Adeyeye  |f 13 - 04- 2023 
952 |0 0  |1 0  |2 lcc  |4 0  |6 NA1351 B3 W72  |7 0  |9 4207  |a HOL  |b TL  |c LP  |d 2023-04-13  |l 0  |o NA 1351. B3W72  |p 2023-0137  |r 2023-04-13 00:00:00  |w 2023-04-13  |y BK 
952 |0 0  |1 0  |2 lcc  |4 0  |6 NA1351 B3 W72  |7 0  |9 4208  |a HOL  |b TL  |c LP  |d 2023-04-13  |l 0  |o NA 1351. B3W72  |p 2023-0138  |r 2023-04-13 00:00:00  |w 2023-04-13  |y BK 
999 |c 2108  |d 2108